000
00317nam a2200109Ia 4500
008
160531s9999 xx 000 0 und d
100
_a
Schaff, J.-F.
245
_a
Interferometry with Atoms
245
_c
by J.-F. Schaff, T. Langen, J. Schmiedmayer
260
_c
2015
856
_u
http://arxiv.org/pdf/1504.04285v1.pdf
999
_c
295187
_d
295187